000 00540nam a2200181Ia 4500
008 100920s9999 xx 000 0 und d
082 _b68991
_a24 थ 92
100 _aवैदय सुरेश.
245 _aआम्रपाली.
260 _bशब्दसन्मान प्रकाशन, पुणे.
_c1992
300 _a240
_bसाधी
365 _b110
520 _aसायो.
630 _aआम्रपाली.
650 _aसायो.
730 _aआम्रपाली.
942 _cBOOK
999 _c711226
_d711223